Peter Kay Filmography - Statistics

General Stats
  • This quiz has been taken 51 times
    6 since last reset
  • The average score is 13 of 61
Answer Stats
Type Year Name % Correct
TV Show 2015-2020 Peter Kay's Car Share
100%
TV Show 2001-2002 Phoenix Nights
100%
TV Mini-Series 2004 Max and Paddy's Road to Nowhere
83%
TV Special 2008 Britain's Got the Pop Factor... and Possibly a New Celebrity Jesus Christ Soapstar Superstar Strictly on Ice
50%
Award Show 2010 Brit Awards 2010
50%
TV Special 2003 Comic Relief 2003: The Big Hair Do
50%
TV Special 2013 Comic Relief 2013
50%
TV Show 1997, 2004 Coronation Street
50%
TV Mini-Series 2015 Cradle to Grave
50%
Commercial 2002 John Smith's Bitter
50%
TV Mini-Series 2000 That Peter Kay Thing
50%
Film 2005 Wallace & Gromit: The Curse of the Were-Rabbit
50%
Film 2002 24 Hour Party People
33%
TV Show 2006 Doctor Who
33%
TV Show 2016-2020 Peter Kay's Comedy Shuffle
33%
TV Show 2007-2011 Roary the Racing Car
33%
TV Show 1998 Barking
17%
Film 2001 Blow Dry
17%
TV Film 1999 Butterfly Collectors
17%
TV Show 1999 City Central
17%
TV Show 1998 Comedy Lab
17%
Film 2000 Going Off Big Time
17%
TV Documentary 2013 Goodbye Granadaland
17%
TV Show 2017 Inside No. 9
17%
Short Film 2002 Last Rumba in Rochdale
17%
TV Show 2017 Let It Shine
17%
TV Show 1998 Let's Get Quizzical
17%
TV Show 2002 Linda Green
17%
TV Show 2006 Little Britain
17%
Film 2005 Max & Paddy's The Power of Two
17%
TV Show 2005 Mrs. Brown's Boys: The Original Series
17%
TV Show 1997 New Voices
17%
TV Documentary 2015 Peter Kay: 20 Years of Funny
17%
TV Special 2012 Peter Kay, in Conversation
17%
Stand-Up Special 2000 Peter Kay: Live at the Top of the Tower
17%
TV Documentary 2009 Peter Kay: Raider of the Pop Charts
17%
TV Documentary 2009 Peter Kay: Raider of the Pop Charts II
17%
TV Special 2008 Take That Come to Town
17%
TV Show 2005 The Catherine Tate Show
17%
Film 2005 The League of Gentlemen's Apocalypse
17%
TV Mini-Series 2000 The Secret World of Michael Fry
17%
Film 2024 Wallace & Gromit: Vengeance Most Fowl
17%
TV Show 1997, 1998 Gas
0%
Documentary Series 2001 I Love 1980's
0%
TV Show 1997 Live at Jongleurs
0%
Commercial 2010 Marks & Spencer
0%
Stand-Up Special 2003 Peter Kay: Live at the Bolton Albert Halls
0%
Stand-Up Special 2004 Peter Kay: Live at the Manchester Arena
0%
Stand-Up Special 2012 Peter Kay: Live & Back on Nights
0%
Stand-Up Special 2007 Peter Kay: Stand Up UKay
0%
Stand-Up Special 2011 Peter Kay: The Tour That Didn't Tour Tour
0%
Short Film 2002 Roddy Smythe Investiagtes...
0%
Music Video 2005 Sleep
0%
Stand-Up Special 2008 Special Kay
0%
TV Show 2016, 2017 Strictly Come Dancing
0%
TV Show 1998 The Big Breakfast
0%
TV Special 2020 The Big Night In
0%
Theater 2007 The Producers
0%
TV Special 2009, 2011 The Royal Variety Performance
0%
TV Show 2006, 2008 Top of the Pops
0%
TV Show 2008 Who Wants to Be a Millionaire
0%
No matching quizzes found
Score Distribution
Percent of People with Each Score
Percentile by Number Answered
Your Score History
You have not taken this quiz since the last reset